000 00351cam a2200145ua 4500
041 _amal
_h
082 _a894.812308
_bRAD/MP
100 _aRadhakrishnan, C .
245 _aMareechika /
_cC Radhakrishnan.
_hTextual Documents
260 _aThrissur :
_bCurrent Books ,
_c1966.
300 _a384 ; .
504 _a
942 _cBK
999 _c674
_d674